Biggest cities of the world - Statistics

General Stats
  • This quiz has been taken 29 times
  • The average score is 11 of 20
Answer Stats
Hint Answer % Correct
Japan Tokyo
100%
India Delhi
95%
Egypt Cairo
68%
Turkey Istanbul
68%
Mexico Mexico City
68%
India Mumbai
68%
U.S.A. New York City
68%
China Beijing
64%
Argentina Buenos Aires
64%
Japan Osaka
64%
Nigeria Lagos
59%
Phillipines Manila
59%
Brazil Rio De Janeiro
59%
Bangladesh Dhaka
55%
Pakistan Karachi
45%
India Kolkata
45%
China Tianjin
18%
China Chongqing
9%
Brazil Sao Paulo
9%
China Shanghai
9%
No matching quizzes found
Score Distribution
Percent of People with Each Score
Percentile by Number Answered
Your Score History
You have not taken this quiz